Histoire des Francais depuis le temps des Gaulois jusqu'en 1830
Αποθηκεύτηκε σε:
| Κύριος συγγραφέας: | |
|---|---|
| Μορφή: | Βιβλίο |
| Γλώσσα: | French |
| Δημοσίευση: |
Paris :
Charpentier,
1860
|
| Έκδοση: | 13eme ed. |
| Θέματα: | |
| Ετικέτες: |
Προσθήκη ετικέτας
Δεν υπάρχουν, Καταχωρήστε ετικέτα πρώτοι!
|
MARC
| LEADER | 00000cam a2200000 i 4500 | ||
|---|---|---|---|
| 001 | 1/6104 | ||
| 008 | 000610s1860 fre d | ||
| 035 | |l 10061817 | ||
| 040 | |a GR-MY-UA |b gre |e aacr | ||
| 041 | 0 | |a fre | |
| 082 | 0 | |a 944 | |
| 100 | 1 | |a Lavallee, Theophile, |d 1804-1866. | |
| 245 | 1 | 0 | |a Histoire des Francais depuis le temps des Gaulois jusqu'en 1830 / |c par Theophile Lavallee |
| 250 | |a 13eme ed. | ||
| 260 | |a Paris : |b Charpentier, |c 1860 | ||
| 300 | |a 4 τ.; |c 19 εκ. | ||
| 505 | 0 | |a Τ.1. Histoire des Gaulois. Histoire des Francs. Histoire des Francais jusqu'en 1328 - 520 σ.τ.2. Histoire des Francais sous les Valois 1328-1589 -556 σ.τ.3. Histoire des Francais sous les Bourbons 1589-1789 - 604 σ.τ.4. Histoire de la revolution 1789-1830 - 619 σ. | |
| 651 | 0 | |a France |x History. | |
| 852 | |a INST |b LESVOS |e 20000610 |h 944 LAV |p 005100023672 |q 005100023672 |t BK |y 0 |z v.3 | ||
| 852 | |a INST |b LESVOS |e 20000610 |h 944 LAV |p 005100023696 |q 005100023696 |t BK |y 0 |z v.4 | ||
| 852 | |a INST |b LESVOS |e 20000610 |h 944 LAV |p 005100023768 |q 005100023768 |t BK |y 0 |z v.1 | ||
| 852 | |a INST |b LESVOS |e 20000610 |h 944 LAV |p 005100023769 |q 005100023769 |t BK |y 0 |z v.2 | ||
| 852 | |a INST |b LESVOS |e 20000610 |h 944 LAV |p 005100023672 |q 005100023672 |t BK |v v.3: |y 0 |z v.3 | ||
| 852 | |a INST |b LESVOS |e 20000610 |h 944 LAV |p 005100023696 |q 005100023696 |t BK |v v.4: |y 0 |z v.4 | ||
| 852 | |a INST |b LESVOS |e 20000610 |h 944 LAV |p 005100023768 |q 005100023768 |t BK |v v.1: |y 0 |z v.1 | ||
| 852 | |a INST |b LESVOS |e 20000610 |h 944 LAV |p 005100023769 |q 005100023769 |t BK |v v.2: |y 0 |z v.2 | ||
| 853 | |a INST |b LESVOS |h 944 LAV | ||
| 901 | |a BIBL1-2000-2 | ||
| 909 | |a Λ |b 076607 | ||
| 909 | |a Λ |b 076606 | ||
| 909 | |a Λ |b 076605 | ||
| 909 | |a Λ |b 076604 | ||
| 970 | |z 2000/06/ΜΠΡΑΤΤΗΣ | ||